| 000 | 00612 a2200229 4500 | ||
|---|---|---|---|
| 260 | _aParis | ||
| 630 | _a65 - Gestion et organisation de lindustrie, du commerce, de la communication et des transports | ||
| 037 | _b1, CIUF | ||
| 650 | _a6 - SCIENCES APPLIQUEES | ||
| 100 | _aJarrosson, Bruno | ||
| 260 | _bMaxima | ||
| 245 | _aDécider ou ne pas décider ? : réflexions sur les processus de la décision | ||
| 300 | _a245p | ||
| 650 | _aDécision : théorie | ||
| 260 | _c2000 | ||
| 300 | _b24 cm | ||
| 100 | _lFr | ||
| 037 | _a03/298 | ||
| 020 | _a2.84001.055.0 | ||
| 999 |
_c43698 _d43698 |
||